00344nam a2200109Ia 4500008004100000245010100041260004800142260000900190300000900199500001000208650001600218170224s9999 xx 000 0 und d aEffects of speech on proofreading: Can task-engagement manipulations shield against distraction? bJournal of Experimental Psychology: Applied c2014 a20:1 aMarch xPsychology.